000 01305nam a2200313Ia 4500
003 OSt
005 20200917181219.0
008 191128s2011 ck ao gr 000 0 spa d
020 _a9789585712508
040 _aCO-JMCR
_cCO-JMCR
041 0 _aspa
082 0 4 _a796.6 /
_bC688g
_223
110 2 _aColombia.
_bColdeportes
_910425
245 1 3 _aLa gran historia de la vuelta a Colombia :
_b1951-2011 /
_cSergio Camilo Urrego Pedraza, Rafael Mendoza Quiñones, Oscar Dallos [y otro] ; fotografías Alberto Urrego Caballero, Héctor Leonardo Urrego Barón, Horacio Gil Ochoa
260 _aBogotá :
_bMundo Ciclístico,
_c2011
300 _a367 páginas :
_bfotografías a color ;
_c30 cm.
490 0 _aCiclismo
650 1 4 _aVuelta a Colombia
_xhistoria
_910426
650 1 4 _aCiclismo
_xhistoria
_zColombia
_910427
650 1 4 _aCiclistas colombianos
_xhistoria
_910428
700 1 _aUrrego Pedraza, Sergio Camilo,
_eredactor
_910429
700 1 _aMendoza Quiñones, Rafael,
_eredactor
_910430
700 1 _aDallos, Oscar,
_eredactor
_910431
700 1 _aGracia, Carlos,
_eredactor
_910432
700 1 _aUrrego Caballero, Alberto,
_efotógrafo
_910433
700 1 _aUrrego Barón, Héctor Leonardo,
_efotógrafo
_910434
700 1 _aGil Ochoa, Horacio,
_efotógrafo
_910435
942 _2ddc
_cBK
999 _c4555
_d4555